000 01245nam0a2200313 4500
001 RU\NLR\bibl\1765255
005 20250616125355.0
010 _a978-5-86775-493-8
_95000
021 _aRU
_b2011-26288
_91872
035 _a(NLR Aleph) 001756056
090 _a1548907
_c1548907
100 _a20110503d2011 |||y0rusy50 ca
101 0 _arus
102 _aRU
105 _aa |||||||||
200 1 _aРазвитие мелкой моторики рук у детей раннего возраста (1-3 года)
_eметодическое пособие для воспитателей и родителей
_fЕ.А. Янушко
210 _aМосква
_cМозаика-Синтез
_d2011
215 _a49, [2] с.
_cил.
_d21
225 1 _aБиблиотека воспитателя
606 1 _aДети раннего возраста
_jМетодические пособия
_xРазвитие мелкой моторики
_92355539
_3RU\NLR\auth\661406990
686 _aЧ411.354я8
686 _aЧ491.31-11я8
700 1 _aЯнушко
_bЕ. А.
_gЕлена Альбиновна
_4070
801 0 _aRU
_bNLR
_c20110503
_gRCR
801 1 _aRU
_bNLR
_c20110503
942 _cBOOK
980 _aNB
980 _aNBR